000
00272nam a22001217a 4500
008
181206b xxu||||| |||| 00| 0 eng d
041
_a
eng
080
_2
3 th
_a
370
100
_a
47
101
_a
EDU
245
_a
Writing With A Pourpose
_c
Crimmon.M
942
_2
udc
_c
BK
999
_c
52959
_d
52959